Struktur perdagangan

Bibliographic Details
Main Author: Shaari Isa (Author)
Format: Book
Published: Kuala Lumpur : Utusan , 1979
Subjects:

MARC

LEADER 00000cam a2200000 7i4500
001 0000008790
005 20021119093000.0
008 021119n
050 0 0 |a HF353   |b .S522 
090 0 0 |a HF353   |b .S522 
100 0 |a Shaari Isa ,   |e author 
245 0 0 |a Struktur perdagangan   |c Shaari Isa 
260 2 |a Kuala Lumpur :   |b Utusan ,   |c 1979 
300 |a 296 ms. ; ;   |c 21 sm. 
650 0 |a Commerce 
999 |a 1000010416   |b Book   |c OPEN SHELF (30 DAYS)   |e Gong Badak Campus 
999 |a 1000010418   |b Book   |c OPEN SHELF (30 DAYS)   |e Gong Badak Campus